=LDR 00000nam 2200000 4500 =001 INLIS000000000050008 =005 20170417121638.0 =006 =007 =008 =020 ##$$a 978 - 602 -96210 - 3 - 5 =035 ##$$0010-041700000000198 =040 ##$$a NBPDMAT =082 ##$$a 338.9 =090 ##$$a 338.9 Lau p =100 ##$$a Lauhil Mahfud =245 ##$$a Perencanaan Pembangunan Daerah : $c Menuju daerah yang maju , Mandiri dan Berdaulat / $c Lauhil Mahfud =260 ##$$a Mataram : $Dimensi raya, $c 2010 =300 ##$$a vi, 184 hlmm ; $c 21 cm. =500 ##$$a Bibliografi : hlm 179 = 180 =650 ##$$a Perencanaan Daerah =990 ##$$a 21605344 =990 ##$$a 21605340 =990 ##$$a 21605341 =990 ##$$a 21605342 =990 ##$$a 21605343 =990 ##$$a 21605343 =990 ##$$a 21605340 =990 ##$$a 21605341 =990 ##$$a 21605342 =990 ##$$a 21605344 =990 ##$$a 21605342 =990 ##$$a 21605340 =990 ##$$a 21605341 =990 ##$$a 21605343 =990 ##$$a 21605344 =990 ##$$a 21605341 =990 ##$$a 21605340 =990 ##$$a 21605342 =990 ##$$a 21605343 =990 ##$$a 21605344 =990 ##$$a 21605340 =990 ##$$a 21605341 =990 ##$$a 21605342 =990 ##$$a 21605343 =990 ##$$a 21605344 =990 ##$$a 174/46/2017 =990 ##$$a 21605340 =990 ##$$a 21605341 =990 ##$$a 21605342 =990 ##$$a 21605343 =990 ##$$a 174/46/2017 =990 ##$$a 21605340 =990 ##$$a 21605341 =990 ##$$a 21605342 =990 ##$$a 174/46/2017 =990 ##$$a 174/46/2017 =990 ##$$a 21605340 =990 ##$$a 21605341 =990 ##$$a 174/46/2017 =990 ##$$a 174/46/2017 =990 ##$$a 174/46/2017 =990 ##$$a 21605340 =990 ##$$a 174/46/2017 =990 ##$$a 174/46/2017 =990 ##$$a 174/46/2017 =990 ##$$a 174/46/2017 =990 ##$$a 174/46/2017 =990 ##$$a 174/46/2017 =990 ##$$a 174/46/2017 =990 ##$$a 174/46/2017